Benefity, výzvy a riziká prechodu na zelenú ekonomiku bakalárska práca

Salvato in:
Dettagli Bibliografici
Autore principale: Schramková, Mária Patrícia
Ente Autore: Národohospodárska fakulta EU. Katedra sociálneho rozvoja a práce
Altri autori: Klimko, Roman, 1985-
Natura: Libro
Lingua:slovacco
Pubblicazione: Bratislava 2019
Tags: Aggiungi Tag
Nessun Tag, puoi essere il primo ad aggiungerne!!

MARC

LEADER 00000nbm a2200000 4500
001 0256507
005 20191218105433.5
041 0 |a slo 
044 |a SK 
245 1 0 |a Benefity, výzvy a riziká prechodu na zelenú ekonomiku  |b bakalárska práca  |c Mária Patrícia Schramková ; školiteľ: Roman Klimko 
264 1 |a Bratislava  |c 2019 
300 |a 63 s. 
100 1 |a Schramková, Mária Patrícia 
700 1 |a Klimko, Roman, 1985- 
710 2 |a Národohospodárska fakulta EU. Katedra sociálneho rozvoja a práce